LEADER 01253nam--2200361---450- 001 990002792410203316 005 20060726170703.0 010 $a38-8147-404-2 035 $a000279241 035 $aUSA01000279241 035 $a(ALEPH)000279241USA01 035 $a000279241 100 $a20060726d2005----km-y0itay50------ba 101 $aita 102 $aIT 105 $a||||||||001yy 200 1 $aRicerca educativa e pluralismo familiare$eitinerari e prospettive per una nuova pedagogia delle famiglie$fChiara Sirignano 210 $aPisa$aRoma$cIstituti Editoriali e Poligrafici Internazionali$d2005 215 $a190 p.$d24 cm 300 $aIn cop. : Università degli Studi di Macerata, Facoltà di scienze della formazione 606 0 $aEducazione familiare$xAspetti sociologici$xStudi 606 0 $aDivorzio$yItalia$xIndagine statistica 676 $a370.15 700 1$aSIRIGNANO,$bChiara$0523999 801 0$aIT$bsalbc$gISBD 912 $a990002792410203316 951 $aII.4. 39 (VI B 1033)$b189338 L.M.$cVI B$d00125153 959 $aBK 969 $aUMA 979 $aPAOLA$b90$c20060726$lUSA01$h1700 979 $aPAOLA$b90$c20060726$lUSA01$h1707 996 $aRicerca educativa e pluralismo familiare$9996053 997 $aUNISA LEADER 01947nam0 2200373 i 450 001 VAN0060668 005 20240102101254.463 010 $a14-02-02659-5 100 $a20070725d2004 |0itac50 ba 101 $aeng 102 $aNL 105 $a|||| ||||| 200 1 $aP-adic deterministic and random dynamics$fby Andrei Yu. Khrennikov and Marcus Nilson 210 $aDordrecht$cKluwer$d2004 215 $aXVI, 270 p.$d25 cm 410 1$1001VAN0022423$12001 $aMathematics and its applications$1210 $aDordrecht$cReidel ; [poi] Kluwer$v574 606 $a11Sxx$xAlgebraic number theory: local and p-adic fields [MSC 2020]$3VANC019883$2MF 606 $a37Fxx$xDynamical systems over complex numbers [MSC 2020]$3VANC020362$2MF 606 $a37Hxx$xRandom dynamical systems [MSC 2020]$3VANC021397$2MF 606 $a28D15$xGeneral groups of measure-preserving transformations [MSC 2020]$3VANC021399$2MF 606 $a60A05$xAxioms; other general questions in probability [MSC 2020]$3VANC021400$2MF 606 $a37Nxx$xApplications of dynamical systems [MSC 2020]$3VANC021401$2MF 606 $a28C10$xSet functions and measures on topological groups, Haar measures, invariant measures [MSC 2020]$3VANC021612$2MF 620 $aNL$dDordrecht$3VANL000068 700 1$aKhrennikov$bAndrei$3VANV047899$0471792 701 1$aNilson$bMarcus$3VANV047900$0725524 712 $aKluwer $3VANV108116$4650 801 $aIT$bSOL$c20240105$gRICA 856 4 $u/sebina/repository/catalogazione/documenti/Khrennikov, Nilson - P-adic Deterministic and Random Dynamics.pdf$zContents 899 $aBIBLIOTECA DEL DIPARTIMENTO DI MATEMATICA E FISICA$1IT-CE0120$2VAN08 912 $aVAN0060668 950 $aBIBLIOTECA DEL DIPARTIMENTO DI MATEMATICA E FISICA$d08PREST 37-XX 2193 $e08 7832 I 20070725 996 $aP-adic deterministic and random dynamics$91415353 997 $aUNICAMPANIA